| Tag |
First Indicator |
Second Indicator |
Subfields |
| LEADER |
00000cam a2200000 4500 |
| 001 |
in00000076271 |
| 005 |
20151008052647.0 |
| 008 |
720616s1964 njuc b 00000 eng |
| 010 |
|
|
|a 64012182
|
| 035 |
|
|
|a (OCoLC)00334707
|
| 035 |
|
|
|9 AAH4342AM
|
| 040 |
|
|
|a DLC
|c WSU
|d OCL
|d TXA
|d UtOrBLW
|
| 049 |
|
|
|a TXAM
|c [402635]
|
| 050 |
|
0 |
|a PN5214.O9
|b H3
|
| 082 |
0 |
|
|a 073
|
| 092 |
|
|
|a 073
|b H163c
|
| 100 |
1 |
|
|a Hale, Oron J.
|q (Oron James)
|
| 245 |
1 |
4 |
|a The captive press in the Third Reich.
|
| 264 |
|
1 |
|a Princeton, N. J. :
|b Princeton University Press,
|c 1964.
|
| 300 |
|
|
|a xii, 353 pages :
|b portraits, diagrams ;
|c 23 cm.
|
| 336 |
|
|
|a text
|b txt
|2 rdacontent
|
| 337 |
|
|
|a unmediated
|b n
|2 rdamedia
|
| 338 |
|
|
|a volume
|b nc
|2 rdacarrier
|
| 504 |
|
|
|a Bibliography: pages 341-346.
|
| 600 |
1 |
0 |
|a Amann, Max,
|d 1891-1957.
|
| 650 |
|
0 |
|a Newspaper publishing
|z Germany.
|
| 650 |
|
0 |
|a Government and the press
|z Germany.
|
| 999 |
|
|
|a MARS
|
| 999 |
f |
f |
|s fc2b891d-ef80-377d-855a-bbec14405db6
|i 15e2e2b7-bb68-3557-b845-26e055e1deaa
|t 0
|
| 952 |
f |
f |
|p ric
|a Texas A&M University
|b Rellis Campus
|c Joint Library Facility
|d Remote Storage
|t 0
|e PN5214.O9 H3
|h Library of Congress classification
|i unmediated -- volume
|m A14800502960
|
| 998 |
f |
f |
|a PN5214.O9 H3
|t 0
|l Remote Storage
|